000 00931cab a2200349 4500
001 ABS53088
008 090401t1995 xxu||||| |||| 00| 0 eng d
035 _a(Sirsi) u1931
041 _aeng
245 _aSports facilities
260 _c1995
300 _aLOAN
350 _a0
490 _aBuilding
_vSupplement 260(7895) 9 June 1995, 1-43(44)
520 _aFeature on the refurbishment of sports buildings.
650 _aDOLLAN BATHS
650 _aGREYHOUND TRACKS
650 _aHACKNEY
650 _aLOCAL AUTHORITIES
650 _aLONDON STADIUM
650 _aLOTTERY SPORTS FUND
650 _aBUILT ENVIRONMENT-BUILDING MAINTENANCE AND REFURBISHMENT
650 _aREPAIRS
650 _aSCOTLAND
650 _aSPORTS CENTRES
650 _aSPORTS FACILITIES
650 _aSWIMMING POOLS
690 _aRefurbishment
_96264
690 _aLEISURE AND RECREATION
942 _n0
948 _c04/03/1997
999 _c1135
_d1135